| 000 | 01456cam a22002895a 4500 | ||
|---|---|---|---|
| 001 | 18221121 | ||
| 005 | 20161020113510.0 | ||
| 008 | 140709s2015 iaua frb 001 0 eng d | ||
| 020 | _a9781118710111 (pbk.) | ||
| 040 |
_aEG-ScBUE _beng _cEG-ScBUE _dEG-ScBUE |
||
| 082 | 0 | 4 |
_a617.6 _222 _bWEI |
| 100 | 1 | _aWeinberg, Mea A. | |
| 245 | 1 | 4 |
_aThe dentist's quick guide to medical conditions / _cMea A. Weinberg, Stuart L. Segelnick, Joseph S. Insler. |
| 260 |
_aAmes ; _aChishester ; _aOxford : _bJohn Wiley & Sons Inc., _c2015. |
||
| 300 |
_axiii, 282 p. ; _bill. ; _c26 cm. |
||
| 500 | _aIndex : p. 274-282. | ||
| 504 | _aIncludes bibliographical references. | ||
| 505 | 0 | _aGastrointestinal disorders -- Medical conditions of the respiratory system -- Disorders of the urinary system -- Diseases of the endocrine system -- Disorders of the cardiovascular system -- Pregnancy, lactation and oral contraceptive -- Disorders of the liver and gall bladder -- Diseases of the neurological system -- Psychiatric disorders -- Bleeding disorders and drugs that cause bleeding -- Blood disorders -- Disorders of the musculoskeletal system -- HIV and oral care -- Radiation and chemotherapy. | |
| 590 | _aSAMEH | ||
| 650 | 7 |
_aSigns and Symptoms. _2BUEsh _927254 |
|
| 650 | 7 |
_aDental Care. _2BUEsh _935939 |
|
| 650 | 7 |
_aTherapeutics. _2BUEsh _939366 |
|
| 653 |
_bDDent _cOctober2016 |
||
| 700 | 1 | _aSegelnick, Stuart L. | |
| 700 | 1 | _aInsler, Joseph S. | |
| 942 | _2ddc | ||
| 999 |
_c22730 _d22702 |
||